000 01515nab a22002537a 4500
999 _c5513
_d5513
003 OSt
005 20251210150955.0
008 190604e xxu||||| |||| 00| 0 spa d
040 _cPJ
100 _96499
_aDíaz Etulain, Andrés Santiago
245 1 3 _aLa obtención del dominio por el transcurso del tiempo. La prescripción adquisitiva larga y una crítica a su rigurosidad probatoria /
_cAndrés Santiago Díaz Etulain.
260 _aCiudad Autónoma de Buenos Aires :
_bThomson Reuters La Ley,
_c2025.
300 _ap. 173-186
500 _aCita Online: TR LALEY AR/DOC/425/2025.
505 _aSumario: I. Introducción.— II. Definición de derechos reales.— III. Definición del Cód. Civ. y Com.— IV. Clasificación de los derechos reales.— V. Relación de poder: tenencia y posesión.— VI. Clasificación de la posesión.— VII. Definición de usucapión.— VIII. Definición de usucapión en el Cód. Civ. y Com.— IX. Acción declarativa de usucapión.— X. ¿Rigurosidad probatoria?— XI. Conclusión.
505 _t¿Te interesa el texto completo? Solicitalo al correo: koha@justierradelfuego.gov.ar
650 0 _91497
_aCODIGO CIVIL Y COMERCIAL
650 0 _91821
_aDERECHOS REALES
650 0 _92324
_aPRESCRIPCIÓN ADQUISITIVA
650 0 _93927
_aCARGA DE LA PRUEBA
650 0 _92289
_aPOSESIÓN
773 0 _02714
_93171
_dCiudad Autónoma de Buenos Aires : Thomson Reuters La Ley, 2014-
_tRevista anales de legislación argentina. Nº 9 - Septiembre 2025.
942 _2udc
_cANA